| Tag |
First Indicator |
Second Indicator |
Subfields |
| LEADER |
00000cam a22000004a 4500 |
| 001 |
in00003402687 |
| 005 |
20190405202636.0 |
| 006 |
m d |
| 007 |
cr |||||||nn|n |
| 008 |
120801s2013 nyu o d eng d |
| 010 |
|
|
|z 2012027145
|
| 020 |
|
|
|a 9780823250516
|
| 020 |
|
|
|z 9780823245284 (cloth : alk. paper)
|
| 020 |
|
|
|z 9780823245291 (pbk. : alk. paper)
|
| 020 |
|
|
|z 0823245284
|
| 035 |
|
|
|a (MdBmJHUP)muse9780823250516
|
| 040 |
|
|
|a MdBmJHUP
|c MdBmJHUP
|d UtOrBLW
|
| 100 |
1 |
|
|a Kreienbrock, Jörg,
|d 1969-
|
| 245 |
1 |
0 |
|a Malicious objects, anger management, and the question of modern literature /
|c Jörg Kreienbrock.
|
| 250 |
|
|
|a 1st ed.
|
| 264 |
|
1 |
|a New York :
|b Fordham University Press,
|c 2013.
|
| 300 |
|
|
|a 1 online resource (328 pages)
|
| 336 |
|
|
|a text
|b txt
|2 rdacontent
|
| 337 |
|
|
|a computer
|b c
|2 rdamedia
|
| 338 |
|
|
|a online resource
|b cr
|2 rdacarrier
|
| 504 |
|
|
|a Includes bibliographical references (p. ) and index.
|
| 505 |
0 |
|
|a Introduction: how (not) to do things with doors -- "When things move upon bad hinges": Sterne and stoicism -- Annoying bagatelles: Jean Paul and the comedy of the quotidian -- Malicious objects: Friedrich Theodor Vischer and the (non)functionality of things -- Igniting anger: Heimito von Doderer and the psychopathology of everyday rage.
|
| 588 |
|
|
|a Description based on print version record.
|
| 500 |
|
|
|a Electronic resource.
|
| 655 |
|
7 |
|a Electronic books.
|2 local
|
| 856 |
4 |
0 |
|u http://proxy.library.tamu.edu/login?url=http://muse.jhu.edu/books/9780823250516/
|z Connect to the full text of this electronic book
|t 0
|
| 999 |
|
|
|a MARS
|
| 999 |
f |
f |
|s b127c609-a7da-3b95-afed-f60996267011
|i 5f7e3597-4a59-3f37-a5e0-8f99bc391d47
|t 0
|
| 952 |
f |
f |
|a Texas A&M University
|b College Station
|c Electronic Resources
|d Available Online
|t 0
|h No information provided
|
| 998 |
f |
f |
|t 0
|l Available Online
|